书目信息 |
| 题名: |
幼儿园环境创设
|
|
| 作者: | 郭晚盛 , 郭海燕 主编 | |
| 分册: | ||
| 出版信息: | 上海 复旦大学出版社有限公司 2019.05 |
|
| 页数: | 166页 | |
| 开本: | 30cm | |
| 丛书名: | ||
| 单 册: | ||
| 中图分类: | G617 | |
| 科图分类: | ||
| 主题词: | 幼儿园--环境设计 | |
| 电子资源: | ||
| ISBN: | 978-7-309-14215-0 | |
| 000 | 00819nam0 2200241 450 | |
| 001 | 0103152652 | |
| 005 | 20201103152731.0 | |
| 010 | @a978-7-309-14215-0@dCNY55.00 | |
| 100 | @a20190705d2019 em y0chiy50 ea | |
| 101 | 0 | @achi |
| 102 | @aCN@b310000 | |
| 105 | @aa z 000yy | |
| 106 | @ar | |
| 200 | 1 | @a幼儿园环境创设@Ayou er yuan huan jing chuang she@f郭晚盛, 郭海燕主编 |
| 210 | @a上海@c复旦大学出版社有限公司@d2019.05 | |
| 215 | @a166页@c图, 彩照@d30cm | |
| 330 | @a本书包括幼儿园公共环境创设、幼儿园班级特色环境创设、园所各功能区标志设计和幼儿园节庆环境布置四个部分,涵括了幼儿园环境创设的方方面面。 | |
| 606 | 0 | @a幼儿园@x环境设计 |
| 690 | @aG617@v5 | |
| 701 | 0 | @a郭晚盛@Aguo wan sheng@4主编 |
| 701 | 0 | @a郭海燕@Aguo hai yan@4主编 |
| 801 | 0 | @aCN@bBJSZM@c20201103 |
| 905 | @b1256646-50@dG617@e1067@f5 | |
| 幼儿园环境创设/郭晚盛, 郭海燕主编.-上海:复旦大学出版社有限公司,2019.05 |
| 166页:图, 彩照;30cm |
| ISBN 978-7-309-14215-0:CNY55.00 |
| 本书包括幼儿园公共环境创设、幼儿园班级特色环境创设、园所各功能区标志设计和幼儿园节庆环境布置四个部分,涵括了幼儿园环境创设的方方面面。 |
| ● |
| 相关链接 |
|
|
|
|
正题名:幼儿园环境创设
索取号:G617/1067
 
预约/预借
| 序号 | 登录号 | 条形码 | 馆藏地/架位号 | 状态 | 备注 |
| 1 | 1256646 | 212566463 | 第一样本阅览室/ [索取号:G617/1067] | 在馆 | |
| 2 | 1256647 | 212566472 | 教育系资料室/ [索取号:G617/1067] | 在馆 | |
| 3 | 1256648 | 212566481 | 教育系资料室/ [索取号:G617/1067] | 在馆 | |
| 4 | 1256649 | 212566490 | 第四借阅区/ [索取号:G617/1067] | 在馆 | |
| 5 | 1256650 | 212566506 | 第四借阅区/ [索取号:G617/1067] | 在馆 |